书目信息 |
| 题名: |
机器。自然力和科学的应用
|
|
| 作者: | 马克思 著 | |
| 分册: | ||
| 出版信息: | 北京 人民出版社 1978.01 |
|
| 页数: | 254页 | |
| 开本: | 21cm | |
| 丛书名: | ||
| 单 册: | ||
| 中图分类: | A122 | |
| 科图分类: | ||
| 主题词: | 马恩著作--单行本--1848~1863年 | |
| 电子资源: | ||
| ISBN: | ||
| 000 | 00547nam0 2200193 45 | |
| 001 | 0181023469 | |
| 005 | 20070801161202.10 | |
| 010 | @dCNY0.50 | |
| 091 | @a1001.1041 | |
| 100 | @a20810111d1978 km y0chiy0120 ea | |
| 101 | 0 | @achi |
| 200 | 1 | @a机器。自然力和科学的应用@AJi Qi。Zi Ran Li He Ke Xue De Ying Yong@f马克思著@FMa Ke Si Zhu |
| 210 | @a北京@c人民出版社@d1978.01 | |
| 215 | @a254页@d21cm | |
| 606 | 0 | @a马恩著作@x单行本@z1848~1863年 |
| 690 | @aA122@v3 | |
| 701 | 0 | @a马克思@4著 |
| 801 | @aCN@bTSTC@c20070801 | |
| 905 | @dA122@f1@b177058@e20 | |
| 机器。自然力和科学的应用/马克思著.-北京:人民出版社,1978.01 |
| 254页;21cm |
| ISBN :CNY0.50 |
| ● |
| 相关链接 |
|
|
|
|
正题名:机器。自然力和科学的应用
索取号:A122/20
 
预约/预借
| 序号 | 登录号 | 条形码 | 馆藏地/架位号 | 状态 | 备注 |
| 1 | 0000975 | 000563107 | 第一样本阅览室/ [索取号:A122/20] | 在馆 | |
| 2 | 0177058 | 001979292 | 第一借阅区/ [索取号:A122/20] | 在馆 | |
| 3 | 0790860 | 207908601 | 密集书库/ [索取号:A122/20] | 在馆 |